00493nam a2200121Ia 4500008004100000100002300041245010500064245004100169260000900210300002300219440003800242650009100280171207s9999 xx 000 0 und d aFouche, Christa B. aAction researchers encountering ethical review: a literature synthesis on challenges and strategies  cChrista B. Fouché & Laura A. Chubb c2017 apages 23-34, 2017 aEducational Action Researchv25:1 aParticipatory approaches, action research, institutional review boards, ethical review